Statistiken für Lieblingsbücher der Deutschen

Klicken Sie hier um das Quiz zu spielen!

Allgemein

  • Dieses Quiz wurde 134 mal gespielt
  • Das Durchschnittsergebnis liegt bei 4 aus 20

Antwortstatistiken

RangBuch% Korrekt
9Harry Potter und der Stein der Weisen
84%
2Die Bibel
78%
1Der Herr der Ringe
62%
15Faust. Der Tragödie erster Teil
54%
5Der kleine Prinz
13%
4Das Parfum
12%
7Der Medicus
9%
17Stolz und Vorurteil
9%
6Buddenbrooks: Verfall einer Familie
8%
18Der Name der Rose
6%
3Die Säulen der Erde
6%
20Effi Briest
6%
14Der Vorleser
5%
11Tintenherz
5%
13Das Geisterhaus
4%
10Die Päpstin
3%
8Der Alchimist
2%
12Feuer und Stein
2%
19Illuminati
2%
16Der Schatten des Windes
1%

Verteilung der Resultate

Perzentil nach korrekt beantworteten Fragen

Anzahl Personen mit jedem Resultat

Ihre Resultats-Entwicklung

Sie haben dieses Quiz noch nicht gespielt